South Eastern Kenya University

Library Online Public Access Catalogue


Two ears of corn : (Record no. 18713)

MARC details
000 -LEADER
fixed length control field 00940cam a2200277 a 4500
001 - CONTROL NUMBER
control field 3262649
003 - CONTROL NUMBER IDENTIFIER
control field OSt
005 - DATE AND TIME OF LATEST TRANSACTION
control field 20251202105437.0
008 - FIXED-LENGTH DATA ELEMENTS--GENERAL INFORMATION
fixed length control field 830126s1982 okua b 000 0 eng
010 ## - LIBRARY OF CONGRESS CONTROL NUMBER
LC control number 81071996
020 ## - INTERNATIONAL STANDARD BOOK NUMBER
Canceled/invalid ISBN 09427160305
040 ## - CATALOGING SOURCE
Original cataloging agency SEKU
050 00 - LIBRARY OF CONGRESS CALL NUMBER
Classification number HD1417
Item number .B86 1982
100 1# - MAIN ENTRY--PERSONAL NAME
Personal name Bunch, Roland.
245 10 - TITLE STATEMENT
Title Two ears of corn :
Remainder of title a guide to people-centered agricultural improvement /
Statement of responsibility, etc. by Roland Bunch.
260 ## - PUBLICATION, DISTRIBUTION, ETC. (IMPRINT)
Place of publication, distribution, etc. Oklahoma City, Okla. (5116 North Portland, Oklahoma City 73112) :
Name of publisher, distributor, etc. World Neighbors,
Date of publication, distribution, etc. c1982.
300 ## - PHYSICAL DESCRIPTION
Extent vii, 250 p. :
336 ## - CONTENT TYPE
Content type term text
Content type code txt
Source rdacontent
337 ## - MEDIA TYPE
Media type term unmediated
Media type code n
Source rdamedia
338 ## - CARRIER TYPE
Carrier type term volume
Carrier type code nc
Source rdacarrier
504 ## - BIBLIOGRAPHY, ETC. NOTE
Bibliography, etc Includes bibliographical references.
650 #0 - SUBJECT ADDED ENTRY--TOPICAL TERM
Topical term or geographic name as entry element Agriculture
General subdivision Economic aspects
Geographic subdivision Developing countries.
650 #0 - SUBJECT ADDED ENTRY--TOPICAL TERM
Topical term or geographic name as entry element Farms, Small
Geographic subdivision Developing countries.
650 #0 - SUBJECT ADDED ENTRY--TOPICAL TERM
Topical term or geographic name as entry element Agricultural development projects
General subdivision Planning.
942 ## - ADDED ENTRY ELEMENTS (KOHA)
Source of classification or shelving scheme Library of Congress Classification
Koha item type General circulation
Holdings
Withdrawn status Lost status Source of classification or shelving scheme Damaged status Not for loan Home library Current library Shelving location Date acquired Source of acquisition Total Checkouts Full call number Barcode Date last seen Price effective from Koha item type
    Library of Congress Classification     SEHSS - Library SEHSS - Library General Stacks 02/12/2025 Donation   HD1417 .B86 1982 2023/026297 02/12/2025 02/12/2025 General circulation
Kitui, Kenya.
+254736116989
library@seku.ac.ke